1088 1831 1162 1148 1145 1161 1339 1283 1321 1853 1788 1387 1658 1914 1350 1954 1017 1128 1766 1116 1415 1703 1625 1268 1713 1148 1297 1241 1718 1627 1551 1507 1365 1748 1913 1042 1142 1081 1731 1713 1470 1944 1396 1723 1340 1182 1931 1460 1325 1426 1072 1564 1214 1982 1995 1388 1555 1233 1517 1065 1305 1750 1938 1531 1417 1501 1427 1704 1711 1586 1380 1170 1306 1887 1358 1682 1199 1900 1641 1400 1388 1547 1967 1456 1937 1381 1016 1251 1955 1147 1088 1978 1260 1426 1307 1959 1728 1511 1756 BCNSPRNW ULIB Ver.6.0+V

เปลี่ยนเป็นภาษาไทย

Change to English
 แสดงรายละเอียดบรรณานุกรม
  กลับหน้าหลัก

Brief Record : Get Marc (ISO 2709) : E-mail record : QR code < ปิดหน้าต่าง
LEADER : 00000nam 2200000uu 4500
001    13399128009
003     ULIB
008    211222s2564||||th 000 0 tha d
020    ^a9786161146320
060 04 ^aWY16^bก482
245 00 ^aการจัดการความรู้ สู่องค์กรแห่งการเรียนรู้ = KM for Learning Organization ปีการศึกษา 2563 "พันธกิจการผลิตบัณฑิต"
260    ^aนนทบุรี :^bคณะพยาบาลศาสตร์ สถาบันพระบรมราชชนก,^c2564
300    ^a147 หน้า ;^c26 ซม.
650  4 ^aการบริหารองค์ความรู้
650  4 ^aการพยาบาล
710 2  ^aสถาบันพระบรมราชชนก. ^bคณะพยาบาลศาสตร์
945    ^p0^l0^i008606
999    ^aประนอม เกษจรัล
รายการนี้ยังไม่มีแท็ก
คุณยังไม่ได้ล็อกอิน คุณสามารถมีกิจกรรมร่วมกับเว็บไซต์ได้ แต่ต้องล็อกอินก่อน ::
  ล็อกอิน

รายการสื่อสารสนเทศ

ลำดับที่ ประเภท เลขเรียก/บาร์โค้ด สถานที่ สถานะ
1. Book การพยาบาล
หนังสือสำรอง
สถานะ=หนังสือสำรอง
WY16 ก482 ฉ.1 
  Barcode: 008606
ห้องสมุดวิทยาเขตสวรรค์ประชารักษ์
►หนังสือทั่วไป
บนชั้น

รายการใกล้เคียง
    หัวเรื่อง [การบริหารองค์ความรู้]
    หัวเรื่อง [การพยาบาล]

BibComment


ยังไม่เคยถูกคอมเมนท์

คอมเมนท์ทรัพยากรรายการนี้
  คอมเมนท์: การจัดการความรู้..


 Copyright 2026. Bcnsprnw @Library